Sports Quiz

Random Sports or Football Quiz

NFL Most 300-Yard Passing Games by Team Quiz Stats

Quiz Updated Feb 3, 2018

Challenge
Share
Tweet
Score 0/32 Timer 07:00
9 Plays Today
Team Player % Correct
Indianapolis ColtsPeyton Manning
97.6%
New England PatriotsTom Brady
95.6%
Green Bay PackersBrett Favre
95.2%
Arizona CardinalsKurt Warner
94.4%
Los Angeles RamsKurt Warner
94.4%
Miami DolphinsDan Marino
93.3%
New Orleans SaintsDrew Brees
92.5%
Denver BroncosJohn Elway
90.5%
San Francisco 49ersJoe Montana
90.1%
Philadelphia EaglesDonovan McNabb
87.5%
Dallas CowboysTony Romo
81.6%
Pittsburgh SteelersBen Roethlisberger
81.5%
New York GiantsEli Manning
79.7%
Houston TexansMatt Schaub
77.6%
Buffalo BillsJim Kelly
77.3%
Minnesota VikingsDaunte Culpepper/Tommy Kramer
73.1%
Team Player % Correct
Carolina PanthersCam Newton
73%
Seattle SeahawksMatt Hasselbeck
72.8%
Baltimore RavensJoe Flacco
67.5%
Tennessee TitansWarren Moon
65.9%
Los Angeles ChargersPhilip Rivers
63.8%
New York JetsJoe Namath
63.6%
Oakland RaidersRich Gannon
62.5%
Jacksonville JaguarsMark Brunell
60.6%
Cincinnati BengalsBoomer Esiason
59.4%
Kansas City ChiefsTrent Green
52.9%
Tampa Bay BuccaneersVinny Testaverde
51.2%
Detroit LionsMatthew Stafford
46.5%
Atlanta FalconsMatt Ryan
43.5%
Chicago BearsJay Cutler
24.6%
Cleveland BrownsBrian Sipe
17.1%
Washington RedskinsKirk Cousins
14.4%

You're not logged in!

Compare scores with friends on all Sporcle quizzes.
Join for Free
OR
Log In

You Might Also Like...

Show Comments

Extras

Top Quizzes Today


Score Distribution

Your Account Isn't Verified!

In order to create a playlist on Sporcle, you need to verify the email address you used during registration. Go to your Sporcle Settings to finish the process.

Report this User

Report this user for behavior that violates our Community Guidelines.

Details: